000
002410000a22000970004500
100
1
_a
Carter, Isabel (Gordon) (1897- )
245
1
0
_a
Planificación de proyectos
300
_a
Núm 17 (1994), Páginas 1-3
773
0
_t
Paso a paso
942
_c
ANA
999
_c
52189
_d
52189